|
|
|
|
| LEADER |
01237cam a2200361Ia 4500 |
| 001 |
9780203011478 |
| 003 |
FlBoTFG |
| 005 |
20110119191318.0 |
| 006 |
a|||||s||||||||||| |
| 007 |
cr|||| |
| 008 |
110119r19981994enk sb 001 0 eng d |
| 010 |
|
|
|a 97050000
|
| 020 |
|
|
|a 9780203011478 (e-book : PDF)
|
| 040 |
|
|
|a FlBoTFG
|c FlBoTFG
|d GrThAP
|
| 090 |
|
|
|a B693.Z7
|b G47 1998
|
| 092 |
|
|
|a 186.4
|b G382
|
| 100 |
1 |
|
|a Gerson, Lloyd P.
|
| 245 |
1 |
0 |
|a Plotinus
|h [electronic resource] /
|c Lloyd P. Gerson.
|
| 260 |
|
|
|a London ;
|a New York :
|b Routledge,
|c 1998.
|
| 300 |
|
|
|a xviii, 338 p. ;
|c 23 cm.
|
| 490 |
1 |
|
|a The arguments of the philosophers
|
| 504 |
|
|
|a Includes bibliographical references (p. 294-316) and indexes.
|
| 530 |
|
|
|a Also available in print edition.
|
| 533 |
|
|
|a Electronic reproduction.
|b [London, Eng. :
|b Taylor and Francis,
|d 2010].
|n PDF file created from digital scan of print book.
|
| 600 |
0 |
0 |
|a Plotinus.
|
| 650 |
|
0 |
|a Neoplatonism.
|
| 655 |
|
7 |
|a Electronic books.
|2 lcsh
|
| 776 |
1 |
|
|z 9780415174091
|
| 776 |
1 |
|
|z 9780415056625
|
| 776 |
1 |
|
|z 0415174090
|
| 776 |
1 |
|
|z 0415056624
|
| 830 |
|
0 |
|a Arguments of the philosophers.
|
| 856 |
4 |
0 |
|u http://www.tandfebooks.com/isbn/9780203011478
|z Full Text via HEAL-Link
|